000 01181nam a2200361Ic 4500
001 58342
003 CO-BoRNBP
005 20250821205039.0
007 ta
008 180815s2017 sp g 000 0 spa
020 _a9788449326325
040 _aCO-BoRNBP
_bspa
_erda
_cCO-BoRNBP
041 _aspa
082 0 4 _a200.9
_bE54h3
100 _aEliade, Mircea,
_d1907-1986
_eaut
_962970
245 1 0 _aHistoria de las creencias y las ideas religiosas, 3 :
_bde Mahoma a la era de las reformas /
_cMircea Eliade ; traducción de Jesús Valiente Malla.
250 _aPrimera edición
264 1 _aMadird, España :
_bPaidós,
_c2017
300 _a456 páginas
336 _atexto
_btxt
_2rdacontent
337 _asin mediación
_bn
_2rdamedia
338 _avolumen
_bnc
_2rdacarrier
490 0 _aOrientalia
500 _aIncluye índice de nombre y analítico
504 _aIncluye bibliografía al final del texto
650 0 7 _aCristianismo
_2lemb
_975
650 0 7 _aIslamismo
_2lemb
_976
650 0 7 _aJudaísmo
_2lemb
_974
650 0 7 _aMusulmanes
_2LEMB
_962975
650 0 7 _aReligión
_xHistoria
_2lemb
_962976
700 _aValiente Malla, Jesús
_962971
942 _2ddc
_cBK
999 _c58342
_d58342